Runner-Up in US Presidential Elections Quiz Stats

 Plays Quiz not verified by Sporcle

Challenge
Share
Tweet
Embed
Score 0/56 Timer 10:00
0 Plays Today
Party Candidate % Correct
1789John Adams
92.5%
1792John Adams
92.5%
2000Al Gore
91.3%
1992George H. W. Bush
90.9%
2004John Kerry
90.6%
2008John McCain
90.6%
1980Jimmy Carter
90.2%
1820John Quincy Adams
89.1%
1828John Quincy Adams
89.1%
1960Richard Nixon
89.1%
1976Gerald Ford
87.5%
1996Bob Dole
85.7%
1912Theodore Roosevelt
84.2%
1988Michael Dukakis
84.2%
1984Walter Mondale
83%
1932Herbert Hoover
81.9%
1796Thomas Jefferson
81.5%
1964Barry Goldwater
79.2%
1972George McGovern
79.2%
1952Adlai Stevenson
77%
1956Adlai Stevenson
77%
1968Hubert Humphrey
77%
1944Thomas E. Dewey
75.1%
1948Thomas E. Dewey
75.1%
1888Grover Cleveland
72.5%
1892Benjamin Harrison
71.7%
1896William Jennings Bryan
71.7%
1900William Jennings Bryan
71.7%
Party Candidate % Correct
1908William Jennings Bryan
71.7%
1824Andrew Jackson
71.3%
1836William Henry Harrison
70.2%
1800Aaron Burr
66%
1928Al Smith
64.9%
1936Alf Landon
58.5%
1812DeWitt Clinton
57.7%
1832Henry Clay
57%
1844Henry Clay
57%
1940Wendell Willkie
56.6%
1876Samuel J. Tilden
49.4%
1860John C. Breckinridge
47.9%
1864George B. McClellan
46%
1920James M. Cox
45.3%
1816Rufus King
44.5%
1856John C. Fremont
43.8%
1916Charles Evans Hughes
43%
1804Charles Cotesworth Pinckney
41.5%
1808Charles Cotesworth Pinckney
41.5%
1924John W. Davis
37.4%
1852Winfield Scott
35.8%
1880Winfield Scott Hancock
34.7%
1904Alton B. Parker
34.7%
1848Lewis Cass
34%
1884James G. Blaine
33.6%
1868Horatio Seymour
31.7%
1840Martin Van Buren
30.9%
1872Thomas A. Hendricks
20%

You're not logged in!

Compare scores with friends on all Sporcle quizzes.
OR
Log In

You Might Also Like...

Show Comments

Extras

Top Quizzes Today


Score Distribution

Your Account Isn't Verified!

In order to create a playlist on Sporcle, you need to verify the email address you used during registration. Go to your Sporcle Settings to finish the process.

Report this User

Report this user for behavior that violates our Community Guidelines.

Details: